You'll Be Back - All Lyrics - Statistics

General Stats
  • This quiz has been taken 111 times
  • The average score is 234 of 290
Answer Stats
Answer % Correct
I
100%
Love
100%
My
100%
Of
100%
You
100%
To
99%
Will
99%
The
98%
A
96%
No
96%
Say
96%
Is
95%
Price
95%
Your
95%
Pay
94%
When
94%
Willing
94%
See
93%
That
93%
An
92%
Back
92%
Be
92%
Me
92%
Not
92%
We
92%
You'll
92%
You're
92%
So
91%
And
89%
Remember
89%
Go
88%
Cry
87%
Remind
86%
Belong
84%
In
84%
Soon
84%
Da
82%
I'm
82%
On
82%
Send
82%
Armed
81%
Away
81%
Fully
81%
Man
81%
Served
81%
Tea
81%
Win
81%
Mad
80%
Tell
80%
Time
80%
Well
80%
All
79%
By
79%
Comes
79%
Empires
79%
Fall
79%
Push
79%
Shove
79%
Arrangement
78%
It
78%
Oceans
78%
Why
78%
For
76%
Rise
76%
Battalion
75%
Now
75%
Sea
75%
Am
74%
Don't
74%
Gone
74%
Making
74%
Sad
74%
Through
74%
Went
74%
Ever
73%
Kill
73%
Made
73%
Can't
72%
Each
72%
Family
72%
Friends
72%
Have
72%
Cause
71%
One
71%
Other
71%
Our
69%
Change
68%
Seen
68%
I'll
67%
Loyal
67%
Royal
67%
Subject
67%
Throw
67%
Despite
66%
Submissive
66%
Sweet
65%
War
65%
Complaining
62%
Days
62%
Dying
62%
Fight
61%
Favorite
60%
Til
60%
Had
58%
Draining
56%
Estrangement
56%
Which
56%
Ya
56%
Before
53%
Like
53%
Thing
53%
This
51%
Di
40%
As
38%
Hurled
32%
Who's
25%
Bacl
5%
Diya
4%
Grace
2%
No matching quizzes found
Score Distribution
Percent of People with Each Score
Percentile by Number Answered
Your Score History
You have not taken this quiz